LEADER 00881nam a2200193 i 4500 001 000000155275 003 CaOOAMICUS 005 20061106000000.0 008 061106n it u000 u ita u 013 $a132624 040 $aSeMil$bita 245 10$a[Litanie della Madonna :$billustrate per la prima volta da quando l'arte fu ispirata alla fede cristiana]. 260 $a[S.l. :$bs.n.],$c[193?]$e(Firenze :$fScena Illustrata,$g[193?]) 300 $a1 v. :$bill. ;$c21 cm. 650 4$aLitanie - Maria .$0(OLS)http://semarc/subject/9022 850 $aSeMil 852 $aSeMil$W1$xVenegono$y1$m5M VI 37$j107112$B107112$CSeMilBibl$Z2$F116508 $81 996 $6245$a[Litanie della Madonna :$billustrate per la prima volta da quando l'arte fu ispirata alla fede cristiana]$9(OLS)http://semarc/title/227363 996 $6260$a[S.l. :$bs.n.]$9(OLS)http://semarc/publisher/29751 LEADER 01114nam a2200277 i 4500 001 000000247529 003 CaOOAMICUS 005 20160120000000.0 008 160120s1990 it u000 u fre u 013 $a226434 020 $a2-13-044793-7 040 $aSeMil$bita 100 1 $aBergson, Henri,$d<1859-1941>.$0(OLS)http://semarc/name/24632 245 10$aLes deux sources de la morale et de la religion /$cHenri Bergson. 250 $a4. ed. 260 $aParis :$bPUF,$c1990. 300 $a340 p. ;$c20 cm. 490 0 $aQuadrige ;$v34 650 4$aBergson, Henri <1859-1941> . Les deux sources de la morale et de la religion.$0(OLS)http://semarc/subject/14285 830 0$aQuadrige ;$v34.$0(OLS)http://semarc/title/8031 850 $aSeMil 852 $aSeMil$W1$xVenegono$y1$m2P II 848$j197875$B197875$CSeMilBibl$Z2$F210030 $81 961 $aLascito: Milani don Felice 996 $6020$a2-13-044793-7$9(OLS)http://semarc/number/256892 996 $6245$aLes deux sources de la morale et de la religion$9(OLS)http://semarc/title/114792 996 $6260$aParis :$bPUF$9(OLS)http://semarc/publisher/30045